[Event "Hastings Open 9495"]
[Site "Hastings ENG"]
[Date "1994.??.??"]
[Round "?"]
[White "Spangenberg, Hugo H"]
[Black "Rossiter, Philip J"]
[Result "1-0"]
[WhiteElo "2510"]
[BlackElo "2400"]
[PlyCount "39"]
[EventDate "1994.12.??"]
[Source "www.chesslib.no"]
[SourceDate "2004.05.04"]

1. e4 e5 2. Nc3 Bc5 3. Nf3 d6 4. d4 exd4 5. Nxd4 Qe7 6. Nb3 Bb6 7. Bd3 Qh4 8. g3 Qg4 9. Be2 Qg6 10. h4 Nc6 11. Bf4 Nh6 12. h5 Qe6 13. Rh4 Bd7 14. a4 Na5 15. Nd4 Bxd4 16. Qxd4 Rg8 17. Nd5 O-O-O 18. Qxa7 Nc6 19. Qa8+ Nb8 20. Qa5 1-0

[Event "otb"]
[Site "otb"]
[Date "2007.04.07"]
[Round "7"]
[White "Mitkov Nikola"]
[Black "Hernandez Eduardo"]
[Result "1-0"]
[WhiteElo "2551"]
[BlackElo "2350"]
[PlyCount "85"]
[Source "www.chesslib.no"]
[SourceDate "2004.05.04"]

1. e4 e5 2. Bc4 Nc6 3. Nc3 Bc5 4. d3 d6 5. Na4 Bb6 6. Nxb6 axb6 7. f4 Nf6 8. Nf3 O-O 9. O-O Na5 10. Bd5 c6 11. fxe5 dxe5 12. Bxf7+ Rxf7 13. b4 Bg4 14. bxa5 Rxa5 15. Bd2 Ra8 16. Be3 Qc7 17. Qb1 c5 18. Qb3 Kh8 19. Nxe5 Re7 20. Nxg4 Nxg4 21. Bf4 Qd7 22. Qc3 Qe6 23. h3 Nh6 24. a4 Nf7 25. Rfb1 Qc6 26. a5 b5 27. Be3 Rc8 28. Qb3 Nd6 29. Rf1 Rce8 30. Rf3 h6 31. Raf1 Kh7 32. Qc3 c4 33. Qb4 Re6 34. Bf4 Rg6 35. Rg3 Ree6 36. Rff3 cxd3 37. cxd3 Qc2 38. Kh2 Qc6 39. Rxg6 Rxg6 40. Rg3 Rxg3 41. Bxg3 Nf7 42. Qe7 Ng5 43. Be5 1-0

[Event "II Torneo de las Américas"]
[Site "Buenos Aires"]
[Date "2003.08.27"]
[Round "9"]
[White "Spangenberg, Hugo"]
[Black "Monier, Raul"]
[Result "1/2-1/2"]
[WhiteElo "2495"]
[BlackElo "2405"]
[PlyCount "77"]
[EventDate "2003.08.17"]
[Source "Roberto Alvarez"]
[SourceDate "2003.09.01"]

1. e4 e5 2. Nc3 Bc5 3. Nf3 d6 4. d4 exd4 5. Nxd4 Nf6 6. g3 O-O 7. Bg2 Nbd7 8. O-O Ne5 9. Kh1 Bg4 10. f3 Bd7 11. h3 Re8 12. g4 Ng6 13. Nde2 Nh4 14. Bg5 Nxg2 15. Kxg2 h6 16. Bh4 Bc6 17. Qd3 g5 18. Bf2 Nd7 19. Bxc5 Nxc5 20. Qd2 a5 21. Nd4 Qf6 22. Nf5 Ne6 23. Ne2 Bb5 24. Kh1 Bxe2 25. Qxe2 Nf4 26. Qb5 b6 27. Rf2 Ne6 28. c3 Ng7 29. Ne3 Rac8 30. Raf1 Qe5 31. Qc4 c6 32. Qa6 Qc5 33. Re2 d5 34. exd5 cxd5 35. Rfe1 Rcd8 36. Nc2 Rxe2 37. Qxe2 Ne6 38. Qe3 d4 39. Nxd4 1/2-1/2

[Event "Bolzano op 14th"]
[Site "Bolzano"]
[Date "1999.06.17"]
[Round "7"]
[White "Mitkov, Nikola"]
[Black "De Vreugt, Dennis"]
[Result "1-0"]
[WhiteElo "2483"]
[BlackElo "2417"]
[PlyCount "83"]
[EventDate "1999.06.12"]
[Source "www.chesslib.no"]
[SourceDate "2004.05.04"]

1. e4 e5 2. Bc4 Nc6 3. Nc3 Bc5 4. d3 d6 5. Na4 Qf6 6. Nxc5 dxc5 7. Be3 b6 8. Qd2 Nge7 9. Ne2 Be6 10. Bb5 Qg6 11. f4 Qxg2 12. Rg1 Qxh2 13. O-O-O O-O-O 14. f5 Bd7 15. Rh1 Qg2 16. Rdg1 Qf3 17. Rf1 Qg2 18. Qe1 Nd4 19. Nxd4 cxd4 20. Bxd7+ Rxd7 21. Bd2 g5 22. Rfg1 Qxh1 23. Rxh1 f6 24. Bxg5 fxg5 25. Qg3 Nc6 26. Qxg5 Nd8 27. Rh6 Re8 28. Qh5 Ree7 29. b3 Rf7 30. Kb2 Rde7 31. a3 Kb7 32. Qh4 Nc6 33. Qg5 Rg7 34. Qf6 Nb8 35. Qh4 Rgf7 36. Rf6 Nc6 37. Rxf7 Rxf7 38. Qh6 Rd7 39. Qe6 Rd6 40. Qg8 Rd7 41. f6 Rd8 42. f7 1-0

[Event "Fajr op 6th"]
[Site "?"]
[Date "1997.??.??"]
[Round "3"]
[White "Badjarani Ilgar"]
[Black "Yurtaev Leonid"]
[Result "0-1"]
[WhiteElo "2405"]
[BlackElo "2495"]
[PlyCount "120"]
[EventDate "1997.??.??"]
[Source "www.chesslib.no"]
[SourceDate "2004.05.04"]

1. e4 e5 2. Nc3 d6 3. g3 Nc6 4. Bg2 h5 5. h3 g6 6. Nf3 Bg7 7. d3 Nge7 8. Bg5 O-O 9. Qd2 Be6 10. Bh6 f6 11. Bxg7 Kxg7 12. d4 Na5 13. O-O c5 14. dxc5 dxc5 15. Rfd1 Qxd2 16. Nxd2 Rfd8 17. Nf1 Nec6 18. Nd5 Bxd5 19. exd5 Nd4 20. Ne3 Rac8 21. c3 Nb5 22. Bf1 Nd6 23. b3 b5 24. b4 cxb4 25. cxb4 Nac4 26. Bxc4 bxc4 27. Rac1 f5 28. Rd2 Rd7 29. Rdc2 Rdc7 30. Kf1 Kf6 31. a4 g5 32. Nd1 e4 33. Nc3 Ke5 34. Re1 h4 35. g4 fxg4 36. hxg4 Rf7 37. Kg2 Rcf8 38. Nd1 Rf3 39. Ne3 c3 40. Kg1 Rc8 41. Rec1 h3 42. b5 Rc7 43. Rb1 Rcf7 44. a5 h2+ 45. Kg2 Nxb5 46. Rxb5 Rxf2+ 47. Rxf2 Rxf2+ 48. Kh1 Kd4 49. d6 Kxe3 50. Rc5 Rd2 51. Rxc3+ Kf4 52. Rc7 e3 53. Re7 Rxd6 54. Kxh2 Ra6 55. Kh3 Rxa5 56. Rf7+ Ke4 57. Kg3 Ra3 58. Re7+ Kd3 59. Rd7+ Ke2 60. Rd5 Ke1 0-1

[Event "Karpov GM"]
[Site "Singapore"]
[Date "1997.12.20"]
[Round "7"]
[White "Tu Hoang Thong"]
[Black "Ardiansyah, Haji"]
[Result "0-1"]
[WhiteElo "2475"]
[BlackElo "2415"]
[PlyCount "102"]
[EventDate "1997.??.??"]
[Source "www.chesslib.no"]
[SourceDate "2004.05.04"]

1. e4 e5 2. Nc3 Bc5 3. Nf3 d6 4. d4 exd4 5. Nxd4 Nf6 6. Be2 h6 7. O-O O-O 8. Nb3 Bb6 9. Kh1 Re8 10. f3 c6 11. Bf4 d5 12. Bd3 Be6 13. Qc1 Nbd7 14. Bg3 Nh5 15. Be1 dxe4 16. fxe4 Ne5 17. Be2 Bg4 18. Bxg4 Nxg4 19. h3 Qd6 20. hxg4 Bc7 21. Kg1 Qh2+ 22. Kf2 Nf4 23. Ke3 Nxg2+ 24. Kf3 Nf4 25. Qd2 Qh3+ 26. Bg3 Ng6 27. Qh2 Ne5+ 28. Ke2 Qxg4+ 29. Kf2 Nf3 30. Bxc7 Nxh2 31. Bxh2 f5 32. Rg1 Qh5 33. Rg2 fxe4 34. Rag1 Re7 35. Ke1 Rd8 36. Nc1 Rf7 37. N1e2 e3 38. Nf4 Qf5 39. Nd3 g5 40. Kd1 c5 41. Kc1 c4 42. Ne1 b5 43. b4 Rd2 44. Bg3 Rfd7 45. Nb1 Rd1+ 46. Kb2 Rxb1+ 47. Kxb1 Rd1+ 48. Kb2 a5 49. a3 c3+ 50. Kxc3 Qf6+ 51. Kb3 a4+ 0-1

[Event "Bucharest ROM"]
[Site "Bucharest ROM"]
[Date "1981.??.??"]
[Round "5"]
[White "Ambroz, Jan"]
[Black "Haik, Aldo"]
[Result "1/2-1/2"]
[WhiteElo "2485"]
[BlackElo "2405"]
[PlyCount "62"]
[EventDate "1981.??.??"]
[Source "www.chesslib.no"]
[SourceDate "2004.05.04"]

1. e4 e5 2. Nc3 d6 3. Nf3 c5 4. Nd5 Nf6 5. Bb5+ Nc6 6. c3 Be7 7. O-O O-O 8. d3 Nxd5 9. exd5 Nb8 10. Ne1 Nd7 11. f4 Nb6 12. fxe5 dxe5 13. c4 f5 14. Ba4 Nxa4 15. Qxa4 Bf6 16. Qc2 Qd6 17. Be3 Bd7 18. Qf2 b6 19. Nc2 f4 20. Bd2 Bf5 21. Ne1 g5 22. Bc3 Rae8 23. Rd1 e4 24. dxe4 Bxc3 25. bxc3 Rxe4 26. Nf3 h6 27. Rfe1 Rfe8 28. Nd2 Re3 29. Nf1 Rxe1 30. Rxe1 Rxe1 31. Qxe1 Kf7 1/2-1/2

[Event "1st Central League"]
[Site "Vrnjacka Banja"]
[Date "2004.09.25"]
[Round "1"]
[White "Runic, Zoran"]
[Black "Djuric, Stefan"]
[Result "1-0"]
[WhiteElo "2374"]
[BlackElo "2511"]
[PlyCount "91"]
[EventDate "2004.09.25"]
[Source "Roberto Alvarez"]
[SourceDate "2004.10.05"]

1. e4 e5 2. Nc3 c6 3. d4 d6 4. Nf3 Qc7 5. Bc4 Bg4 6. h3 Bxf3 7. gxf3 Nf6 8. a4 Nbd7 9. Be3 Be7 10. Rg1 O-O 11. Ba2 Kh8 12. f4 exf4 13. Bxf4 Rae8 14. Qf3 Qa5 15. O-O-O a6 16. Kb1 g6 17. Bh6 b5 18. Bxf8 Rxf8 19. e5 dxe5 20. dxe5 Nxe5 21. Qe2 b4 22. f4 bxc3 23. Qxe5 Qxe5 24. fxe5 Ne4 25. Rd7 Bc5 26. Re1 Nd2+ 27. Kc1 Nf3 28. Re4 Ng5 29. Rc4 Be3+ 30. Kb1 f5 31. Rxc3 f4 32. e6 Re8 33. Rxc6 f3 34. Rcc7 f2 35. Bc4 Bf4 36. Rb7 Be5 37. h4 Ne4 38. Ka2 Nd6 39. Rxh7+ Kg8 40. Bxa6 Nxb7 41. Rxb7 Rxe6 42. Bc4 Kf8 43. a5 Rc6 44. Bf1 Rxc2 45. a6 Bd4 46. Kb1 1-0

[Event "Nordic-ch"]
[Site "Esbjerg"]
[Date "1983.??.??"]
[Round "?"]
[White "Westerinen, Heikki MJ"]
[Black "Wedberg, Tom"]
[Result "0-1"]
[WhiteElo "2385"]
[BlackElo "2495"]
[PlyCount "88"]
[EventDate "1983.07.??"]
[Source "ChessBase"]

1. e4 e5 2. f4 exf4 3. Nc3 Nc6 4. d4 Qh4+ 5. Ke2 d6 6. Nf3 Bg4 7. Bxf4 Bxf3+ 8. Kxf3 g5 9. Be3 g4+ 10. Ke2 Bg7 11. Nd5 g3 12. Nxc7+ Kd7 13. Nxa8 Nf6 14. c3 Re8 15. d5 Ne5 16. Qa4+ Ke7 17. Nc7 Rc8 18. Nb5 Rc4 19. Qa3 Nxe4 20. Nd4 Qg4+ 21. Ke1 gxh2 22. Qxa7 Bf6 23. Rxh2 Qg3+ 24. Kd1 Qxh2 25. Nf5+ Ke8 26. Bxc4 Qh5+ 27. Kc2 Qxf5 28. Bb5+ Kf8 29. Bh6+ Bg7 30. Qb8+ Ke7 31. Qxb7+ Kf6 32. Bxg7+ Kxg7 33. Rf1 Qg6 34. Bd3 Qxg2+ 35. Kb1 Nd2+ 36. Kc1 Nxf1 37. Bxf1 Qxf1+ 38. Kc2 Qd3+ 39. Kb3 Qc4+ 40. Ka3 Qc5+ 41. Kb3 Qc4+ 42. Ka3 Nd3 43. Qc6 Qf4 44. b4 h5 0-1

[Event "It (Open) Verona ITA"]
[Site "?"]
[Date "2006.01.07"]
[Round "7"]
[White "Shytaj Luca"]
[Black "Ivanov Mikhail M"]
[Result "1/2-1/2"]
[WhiteElo "2423"]
[BlackElo "2457"]
[PlyCount "94"]
[EventDate "2006.??.??"]
[Source "www.chesslib.no"]
[SourceDate "2004.05.04"]

1. e4 e5 2. Nc3 Bc5 3. f4 d6 4. Nf3 Nc6 5. Na4 Bg4 6. Nxc5 dxc5 7. d3 c4 8. h3 Bxf3 9. Qxf3 Nb4 10. Kd1 Ne7 11. Bd2 Nec6 12. Qg3 Qe7 13. fxe5 O-O-O 14. Bc3 cxd3 15. Bxd3 Nxd3 16. cxd3 Rxd3+ 17. Qxd3 Rd8 18. Qxd8+ Qxd8+ 19. Kc2 Nd4+ 20. Bxd4 Qxd4 21. Rae1 Qf2+ 22. Kb1 Qxg2 23. Rhg1 Qd2 24. Ref1 Qd4 25. a3 g6 26. Ka1 Qc4 27. Rf3 Kd7 28. Rd1+ Ke8 29. Rc3 Qa4 30. Rf1 Qd7 31. Rf6 Qe7 32. Rcf3 a5 33. Rf1 b5 34. Ra6 Qxe5 35. Rxa5 Kf8 36. Ra7 Kg7 37. Rc1 c5 38. Rf1 Qe6 39. Rfxf7+ Qxf7 40. Rxf7+ Kxf7 41. b3 g5 42. a4 h5 43. axb5 g4 44. hxg4 hxg4 45. b6 g3 46. b7 g2 47. b8=Q g1=Q+ 1/2-1/2

[Event "Valle d'Aosta op 9th"]
[Site "Saint Vincent"]
[Date "2001.02.11"]
[Round "9"]
[White "Rogers, Ian"]
[Black "Olarasu, Gabriela"]
[Result "1-0"]
[WhiteElo "2529"]
[BlackElo "2347"]
[PlyCount "95"]
[EventDate "2001.02.03"]
[Source "ChessBase"]
[SourceDate "2001.03.08"]

1. e4 e5 2. Bc4 Nc6 3. Nc3 Bc5 4. Qg4 Kf8 5. Qg3 Nf6 6. Nge2 d6 7. d3 h6 8. Na4 Bb6 9. Nxb6 axb6 10. f4 Qe7 11. O-O Na5 12. Bd5 c6 13. Bxf7 Kxf7 14. b4 Be6 15. bxa5 Rxa5 16. Bd2 Ra6 17. fxe5 dxe5 18. Qxe5 Bg4 19. Qxe7+ Kxe7 20. Nf4 Rha8 21. a3 g5 22. Bb4+ c5 23. Bc3 gxf4 24. Rxf4 Rxa3 25. Bxf6+ Ke6 26. Rb1 R3a6 27. Bg7 h5 28. h3 Bxh3 29. gxh3 Rg8 30. Rf6+ Ke7 31. Rfxb6 Rxg7+ 32. Kf2 Rxb6 33. Rxb6 Kd8 34. Rd6+ Kc7 35. Rd5 Kc6 36. Rxh5 Rg6 37. h4 b5 38. Rg5 Rf6+ 39. Rf5 Rh6 40. h5 b4 41. Ke3 Kd6 42. Rg5 Rh8 43. Rg6+ Ke7 44. h6 c4 45. dxc4 Ra8 46. h7 Ra3+ 47. Kd4 Rh3 48. Ra6 1-0

[Event "CZE-chT 0304"]
[Site "CZE"]
[Date "2003.??.??"]
[Round "4"]
[White "Langner, Ladislav"]
[Black "Gross, David"]
[Result "1-0"]
[WhiteElo "2411"]
[BlackElo "2462"]
[PlyCount "105"]
[EventDate "2003.10.??"]
[Source "Roberto Alvarez"]
[SourceDate "2004.02.16"]

1. e4 e5 2. Bc4 Bc5 3. Nc3 Nc6 4. d3 d6 5. Na4 Bb6 6. Nxb6 axb6 7. c3 Be6 8. Bxe6 fxe6 9. Qh5+ g6 10. Qh3 Qe7 11. f4 Nf6 12. Nf3 exf4 13. Bxf4 Ra5 14. O-O Nh5 15. Bh6 Nd8 16. b4 Ra3 17. Bc1 Rxc3 18. Bb2 Nf4 19. Qh6 e5 20. Bxc3 Ne2+ 21. Kh1 Nxc3 22. Rf2 c5 23. Nd2 b5 24. bxc5 dxc5 25. Raf1 Kd7 26. Nf3 Kc8 27. Ng5 Re8 28. Nf7 Nc6 29. Qxh7 Nb4 30. Qxg6 Kb8 31. Qd6+ Qxd6 32. Nxd6 Rd8 33. Rf8 Rxf8 34. Rxf8+ Kc7 35. h4 Kxd6 36. h5 Ke7 37. Rf3 c4 38. dxc4 Nxe4 39. Re3 Nf2+ 40. Kg1 Nbd3 41. cxb5 e4 42. Re2 Nd1 43. Rxe4+ Kf6 44. Rc4 Kg5 45. Rc7 b6 46. Rc6 Kxh5 47. Rxb6 Nc3 48. Rd6 Nc5 49. b6 N3a4 50. Kh2 Kg5 51. Rc6 Nb7 52. Rc7 Nac5 53. a4 1-0

[Event "Petroff mem op"]
[Site "St Petersburg"]
[Date "2000.02.07"]
[Round "1"]
[White "Kabanov, Nikolai"]
[Black "Yemelin, Vasily"]
[Result "1-0"]
[WhiteElo "2330"]
[BlackElo "2540"]
[PlyCount "87"]
[EventDate "2000.02.05"]
[Source "www.chesslib.no"]
[SourceDate "2004.05.04"]

1. e4 e5 2. Nc3 d6 3. g3 g6 4. d4 c6 5. dxe5 dxe5 6. Qxd8+ Kxd8 7. f4 Nd7 8. Nf3 Bd6 9. Be3 f6 10. O-O-O Kc7 11. Bh3 Ne7 12. Rd2 exf4 13. gxf4 Nb6 14. Bxc8 Raxc8 15. Bxb6+ axb6 16. Nd4 Kb8 17. Ne6 Bb4 18. Rd7 Rce8 19. Rhd1 Nc8 20. f5 Re7 21. Na4 Rxd7 22. Rxd7 gxf5 23. exf5 Rg8 24. c3 Bd6 25. h3 Rg1+ 26. Kc2 Rf1 27. Rxh7 Rxf5 28. b4 Re5 29. Nd4 b5 30. Nb2 Nb6 31. h4 Re3 32. Nf5 Re2+ 33. Kd3 Rxb2 34. Nxd6 Nd5 35. Rxb7+ Ka8 36. Rh7 Rxa2 37. Kd4 Rc2 38. c4 bxc4 39. Kc5 Rb2 40. b5 c3 41. Kxc6 Nb4+ 42. Kc5 Kb8 43. Rb7+ Ka8 44. Rc7 1-0

[Event "Polanica Zdroj op"]
[Site "Polanica Zdroj"]
[Date "1996.??.??"]
[Round "9"]
[White "Stripunsky, Alexander"]
[Black "Murdzia, Piotr"]
[Result "1-0"]
[WhiteElo "2495"]
[BlackElo "2375"]
[PlyCount "118"]
[EventDate "1996.??.??"]
[Source "www.chesslib.no"]
[SourceDate "2004.05.04"]

1. e4 e5 2. Nc3 Bc5 3. Nf3 d6 4. Na4 Bb6 5. Nxb6 axb6 6. d4 Nd7 7. c3 Ngf6 8. Bd3 O-O 9. O-O Re8 10. Nd2 d5 11. exd5 exd4 12. c4 Ne5 13. Bb1 c5 14. Qb3 Bg4 15. f3 Bd7 16. a4 Ng6 17. Ne4 Nxe4 18. Bxe4 f5 19. Bd3 Ne5 20. Bb1 Qf6 21. Ra3 f4 22. Be4 Nf7 23. a5 Ra6 24. Qc2 bxa5 25. Bxh7+ Kh8 26. Be4 Nd6 27. Bd2 a4 28. Qc1 Rf8 29. g3 Bh3 30. Re1 fxg3 31. hxg3 Nxe4 32. Rxe4 Bf5 33. Bg5 Qd6 34. Rh4+ Kg8 35. Kf2 Raa8 36. Qh1 Rae8 37. Rxa4 Qb6 38. Rh8+ Kf7 39. Rxf8+ Kxf8 40. Qc1 Bd3 41. g4 Qb3 42. Ra5 Bxc4 43. d6 Be6 44. Rxc5 Kg8 45. Be7 Bd5 46. Qf4 Qxb2+ 47. Kg3 Be6 48. Rg5 Qb1 49. Qxd4 Qe1+ 50. Qf2 Qxf2+ 51. Kxf2 Kf7 52. Rb5 Rb8 53. Rb6 Bd7 54. Kg3 Bc6 55. Bg5 Ke6 56. Rb3 Rf8 57. Bd2 Kd7 58. Bb4 Re8 59. f4 g6 1-0

[Event "Najdorf op"]
[Site "Buenos Aires"]
[Date "1997.??.??"]
[Round "6"]
[White "Paglilla, Carlos"]
[Black "Sorin, Ariel"]
[Result "1/2-1/2"]
[WhiteElo "2410"]
[BlackElo "2460"]
[PlyCount "72"]
[EventDate "1997.05.19"]
[Source "ChessBase"]
[SourceDate "1997.07.29"]

1. e4 e5 2. Nc3 Bc5 3. Nf3 d6 4. d4 exd4 5. Nxd4 Nc6 6. Be3 Bb6 7. Qd2 Nf6 8. O-O-O O-O 9. Nxc6 bxc6 10. e5 Bxe3 11. fxe3 Ne8 12. Be2 Qe7 13. Bf3 Qxe5 14. Bxc6 Rb8 15. Qd4 Nf6 16. Qxe5 dxe5 17. Nd5 Nxd5 18. Rxd5 f6 19. Ra5 Bb7 20. Bxb7 Rxb7 21. Rd1 Rfb8 22. b3 c6 23. Rd6 Rc7 24. Ra6 Rb6 25. Rxb6 axb6 26. a4 Kf7 27. Rd8 Rb7 28. Rc8 c5 29. a5 bxa5 30. Rxc5 Ra7 31. Kb2 Ke6 32. e4 f5 33. exf5+ Kxf5 34. c4 Ke6 35. Kc3 a4 36. bxa4 Rxa4 1/2-1/2

[Event "Wch U20"]
[Site "Buenos Aires ARG"]
[Date "1992.??.??"]
[Round "?"]
[White "Spangenberg, Hugo H"]
[Black "Gokhale, Jayant Suresh"]
[Result "1-0"]
[WhiteElo "2535"]
[BlackElo "2325"]
[PlyCount "71"]
[EventDate "1992.10.??"]
[Source "www.chesslib.no"]
[SourceDate "2004.05.04"]

1. e4 e5 2. Nc3 Bc5 3. Nf3 d6 4. d4 exd4 5. Nxd4 Nf6 6. g3 Bg4 7. Qd2 Nbd7 8. h3 Ne5 9. hxg4 Bxd4 10. Bg2 Bxc3 11. Qxc3 Nexg4 12. Qb3 Qe7 13. Qxb7 O-O 14. f3 Rab8 15. Qxa7 Ne5 16. O-O Rb6 17. Qa5 Rfb8 18. b3 Rb5 19. Qe1 c5 20. Bd2 Nc6 21. Bc3 Nb4 22. Rf2 Nh5 23. Rd2 Qg5 24. a3 Nc6 25. Rxd6 Nd4 26. Bxd4 cxd4 27. Rxd4 Nxg3 28. Qd2 Qf6 29. Re1 h6 30. Rd5 Rxd5 31. exd5 Nf5 32. Qf4 Ra8 33. Re5 Qb6+ 34. Kh2 Nd4 35. Qe3 Qd6 36. f4 1-0

[Event "11. Vasja Pirc Memorial"]
[Site "?"]
[Date "2003.02.17"]
[Round "1"]
[White "Dimitrijevic Aleksandra"]
[Black "Mohr Georg"]
[Result "1/2-1/2"]
[WhiteElo "2369"]
[BlackElo "2486"]
[PlyCount "30"]
[EventDate "2003.??.??"]
[Source "www.chesslib.no"]
[SourceDate "2004.05.04"]

1. e4 Nc6 2. Nc3 e5 3. f4 d6 4. Nf3 Nf6 5. Bc4 Be7 6. f5 Na5 7. d3 Nxc4 8. dxc4 b6 9. Qe2 g6 10. Bg5 h6 11. Bh4 c6 12. O-O-O Qc7 13. Rhf1 g5 14. Bf2 Bb7 15. Rd2 O-O-O 1/2-1/2

[Event "Frunze"]
[Site "Frunze"]
[Date "1985.??.??"]
[Round "7"]
[White "Watson, William N"]
[Black "Imanaliev, Taalaibek"]
[Result "1-0"]
[WhiteElo "2460"]
[BlackElo "2385"]
[PlyCount "39"]
[EventDate "1985.11.??"]
[Source "ChessBase"]

1. e4 e5 2. Nc3 Bc5 3. Bc4 Nc6 4. Qg4 d5 5. Qxg7 dxc4 6. Qxh8 Qg5 7. d4 Qxg2 8. dxc5 Be6 9. Bg5 f6 10. Bxf6 Qxh1 11. O-O-O Qxh2 12. Nd5 Rc8 13. Nf3 Qxf2 14. Rg1 Nce7 15. Bh4 Qxf3 16. Nf6+ Kd8 17. Rd1+ Nd5 18. exd5 Qf4+ 19. Kb1 Qxh4 20. Qg7 1-0

[Event "Hastings Masters"]
[Site "Hastings"]
[Date "1995.??.??"]
[Round "9"]
[White "Turner, Matthew"]
[Black "Bronstein, David I"]
[Result "1-0"]
[WhiteElo "2400"]
[BlackElo "2445"]
[PlyCount "85"]
[EventDate "1995.08.??"]
[Source "ChessBase"]

1. e4 e5 2. Nc3 Bc5 3. Nf3 d6 4. d4 exd4 5. Nxd4 c6 6. Nb3 Qf6 7. Nxc5 dxc5 8. Be2 Ne7 9. Be3 b6 10. f4 Ng6 11. O-O Qe7 12. Qe1 Ba6 13. Rd1 Bxe2 14. Qxe2 Nd7 15. e5 O-O 16. Qf3 Rac8 17. Qg3 Rcd8 18. Bc1 c4 19. Kh1 Kh8 20. Rd4 Nc5 21. Rfd1 Rxd4 22. Rxd4 f6 23. exf6 Qxf6 24. Rxc4 Re8 25. h3 Nh4 26. Kh2 Nf5 27. Qf2 Kg8 28. g4 Nd6 29. Rd4 Nf7 30. Rd1 h5 31. gxh5 Qf5 32. Qg2 Qxh5 33. Rg1 Qh6 34. b4 Nd7 35. Ne4 Kh8 36. f5 Qh7 37. Bb2 Nde5 38. Qg3 Qh6 39. Rg2 Kh7 40. Bc1 g5 41. fxg6+ Qxg6 42. Qxg6+ Nxg6 43. Nf6+ 1-0

[Event "DSV-Turnier"]
[Site "Halle"]
[Date "1974.??.??"]
[Round "?"]
[White "Fichtl, Jiri"]
[Black "Mueller, Klaus Uwe"]
[Result "1/2-1/2"]
[WhiteElo "2380"]
[BlackElo "2465"]
[PlyCount "63"]
[EventDate "1974.??.??"]
[Source "ChessBase"]

1. e4 e5 2. Nc3 d6 3. g3 Nf6 4. Bg2 Be7 5. Nge2 O-O 6. O-O c6 7. d4 Nbd7 8. a4 Re8 9. h3 Qc7 10. f4 Bf8 11. Be3 exd4 12. Bxd4 d5 13. exd5 cxd5 14. Nxd5 Nxd5 15. Bxd5 Nb6 16. Bg2 Bf5 17. Rf2 Bxc2 18. Qe1 Rac8 19. a5 Na4 20. Nc3 Bb3 21. Kh2 b5 22. axb6 axb6 23. Qd2 Nc5 24. Nb5 Qd7 25. Qb4 Bd5 26. Ra7 Qc6 27. Bxd5 Qxd5 28. Nc3 Qd8 29. Bxc5 Bxc5 30. Qb3 Re7 31. Rxe7 Qxe7 32. Re2 1/2-1/2

[Event "WchT U26"]
[Site "Graz AUT"]
[Date "1981.??.??"]
[Round "?"]
[White "Binham, Timothy F"]
[Black "Klaric, Zlatko"]
[Result "1/2-1/2"]
[WhiteElo "2375"]
[BlackElo "2465"]
[PlyCount "81"]
[EventDate "1981.08.??"]
[Source "www.chesslib.no"]
[SourceDate "2004.05.04"]

1. e4 e5 2. Nc3 Bc5 3. Nf3 d6 4. g3 Bg4 5. Bg2 Nc6 6. h3 Bh5 7. d3 Qd7 8. Na4 Bxf3 9. Bxf3 Nd4 10. Nxc5 Nxf3+ 11. Qxf3 dxc5 12. Be3 b6 13. Qg4 f6 14. f4 O-O-O 15. O-O-O Qxg4 16. hxg4 Nh6 17. Rh4 Nf7 18. g5 fxg5 19. fxg5 Rdf8 20. Rdh1 Nd8 21. Kd2 Ne6 22. Ke2 Kd7 23. Rxh7 Rxh7 24. Rxh7 Ke7 25. Rh1 Rd8 26. Rh5 Kd6 27. Kf3 Rf8+ 28. Ke2 a5 29. a4 Rb8 30. Rh1 Ke7 31. b3 Rf8 32. Kd2 c6 33. Ke2 Re8 34. Kd2 Kf7 35. Rf1+ Kg6 36. Rf5 Nd8 37. Ke2 Nf7 38. Bd2 Nd6 39. Rf2 Nf7 40. Rf5 Nd6 41. Rf2 1/2-1/2

[Event "It (Open) Antalya TUR"]
[Site "?"]
[Date "2006.02.04"]
[Round "5"]
[White "Citak Selim"]
[Black "Atalik Suat"]
[Result "0-1"]
[WhiteElo "2221"]
[BlackElo "2618"]
[PlyCount "110"]
[EventDate "2006.??.??"]
[Source "www.chesslib.no"]
[SourceDate "2004.05.04"]

1. e4 e5 2. Nc3 Bc5 3. Na4 Be7 4. Nf3 d6 5. Bc4 Nf6 6. Nc3 O-O 7. d3 Nc6 8. a3 Be6 9. Bg5 Nxe4 10. Nxe4 d5 11. Bxe7 Qxe7 12. Bb5 dxe4 13. dxe4 Rad8 14. Qe2 Nd4 15. Nxd4 Rxd4 16. c3 Rd6 17. O-O Rfd8 18. Rfd1 Bb3 19. Rxd6 Qxd6 20. Bc4 Bxc4 21. Qxc4 Qd3 22. Qa4 Qe2 23. Rf1 a6 24. h3 Qxb2 25. Rd1 Rxd1+ 26. Qxd1 Qxa3 27. Qd8+ Qf8 28. Qxc7 Qa8 29. Qa5 b5 30. f3 g6 31. Kh2 Qc6 32. Kh1 Kg7 33. Kh2 Qd6 34. Kh1 h5 35. Kh2 h4 36. Kh1 Kf6 37. Kg1 Kg5 38. Kh1 f5 39. exf5 gxf5 40. Qa2 e4 41. fxe4 fxe4 42. Qg8+ Kf4 43. Qg4+ Ke3 44. Qxh4 Kd3 45. Qe1 Qf4 46. Qb1+ Ke2 47. Qa2+ Qd2 48. Qxa6 Qd5 49. Qa3 e3 50. Kg1 Qd2 51. Qb4 Qd1+ 52. Kh2 Qa4 53. Qb1 Kd2 54. Qb2+ Qc2 55. Qxb5 e2 0-1

[Event "Calcutta"]
[Site "Calcutta IND"]
[Date "1986.??.??"]
[Round "?"]
[White "Soltis, Andrew E"]
[Black "Barua, Dibyendu"]
[Result "1/2-1/2"]
[WhiteElo "2440"]
[BlackElo "2395"]
[PlyCount "81"]
[EventDate "1986.02.??"]
[Source "www.chesslib.no"]
[SourceDate "2004.05.04"]

1. e4 e5 2. Nc3 d6 3. Bc4 Nc6 4. d3 Na5 5. Nge2 Nxc4 6. dxc4 c6 7. O-O Qh4 8. b3 Nf6 9. f3 Be6 10. Be3 Nh5 11. Qd2 h6 12. Kh1 g6 13. Rad1 b6 14. a4 f5 15. g3 Qh3 16. Bf2 Nf6 17. Qe3 Kf7 18. Rde1 Bd7 19. a5 Rb8 20. axb6 axb6 21. b4 fxe4 22. Nxe4 Nxe4 23. Qxe4 Qf5 24. Ra1 Qxe4 25. fxe4 Bh3 26. Ra7+ Kg8 27. Rfa1 Be6 28. Nc3 Bxc4 29. Rc7 c5 30. Raa7 cxb4 31. Nd5 Bxd5 32. exd5 g5 33. Be3 g4 34. Kg2 b5 35. Kf1 h5 36. Bg5 Re8 37. Ke2 e4 38. Bh4 Rh6 39. Rab7 Rg6 40. Rxb5 Rg7 41. Rc4 1/2-1/2

[Event "Wch U20"]
[Site "Santiago CHI"]
[Date "1990.??.??"]
[Round "11"]
[White "Sorensen, Jan"]
[Black "Kosashvili, Yona"]
[Result "0-1"]
[WhiteElo "2360"]
[BlackElo "2470"]
[PlyCount "80"]
[EventDate "1990.08.??"]
[Source "www.chesslib.no"]
[SourceDate "2004.05.04"]

1. e4 e5 2. Nc3 d6 3. Bc4 Nc6 4. d3 Na5 5. Bb3 Nxb3 6. axb3 g6 7. d4 Bg7 8. Be3 exd4 9. Bxd4 Nf6 10. Nge2 O-O 11. O-O Re8 12. f3 Bd7 13. Qd3 Bc6 14. Nf4 Qe7 15. Rfe1 a6 16. Ncd5 Bxd5 17. Nxd5 Nxd5 18. Bxg7 Kxg7 19. Qxd5 Rab8 20. c3 Qf6 21. Qc4 Re7 22. b4 h5 23. Ra5 Rbe8 24. Rd1 h4 25. Qd3 Re5 26. Rxe5 Rxe5 27. g3 Qe6 28. Qd4 Kh7 29. gxh4 Rh5 30. Qf2 Qf6 31. Rd5 Rxd5 32. exd5 Qf5 33. c4 Qd3 34. h5 gxh5 35. Qh4 Qb1+ 36. Kg2 Qxb2+ 37. Kh3 Qe5 38. Qd8 Qf4 39. Kg2 Qxc4 40. Qg5 Qe2+ 0-1

[Event "Open"]
[Site "?"]
[Date "1996.??.??"]
[Round "7"]
[White "Cherevatenko Roman"]
[Black "Hasangatin Ramil"]
[Result "1/2-1/2"]
[WhiteElo "2430"]
[BlackElo "2400"]
[PlyCount "90"]
[EventDate "1996.??.??"]
[Source "www.chesslib.no"]
[SourceDate "2004.05.04"]

1. e4 e5 2. Nc3 d6 3. Bc4 c6 4. d4 Nd7 5. Nf3 Be7 6. O-O Ngf6 7. a4 O-O 8. Qe2 exd4 9. Nxd4 Re8 10. Be3 Bf8 11. f3 d5 12. exd5 Nb6 13. Ba2 Nbxd5 14. Nxd5 Nxd5 15. Bxd5 Qxd5 16. Qf2 Qh5 17. Rfe1 Qg6 18. Rad1 h6 19. Qg3 Qxg3 20. hxg3 h5 21. Kf2 Re5 22. Rd2 g6 23. c3 f6 24. Bf4 Rxe1 25. Kxe1 Bd7 26. Nb5 Re8+ 27. Kf1 Be6 28. Nd6 Re7 29. Ne4 f5 30. Nc5 Bc4+ 31. Kf2 b6 32. Bd6 Re8 33. Bxf8 Kxf8 34. Nd7+ Kg7 35. f4 Rd8 36. Nf6 Bb3 37. Ne4 b5 38. Nd6 Rf8 39. axb5 Bd5 40. Rd4 Bf3 41. Rc4 Re8 42. Ne4 Rd8 43. Ke1 Rd7 44. Rxc6 Rd5 45. Rb6 Rd2 1/2-1/2